Customs law =
| Corporate Author: | |
|---|---|
| Format: | Book |
| Subjects: |
| LEADER | 00416cam a2200133 7i4500 | ||
|---|---|---|---|
| 001 | 0000007323 | ||
| 005 | 19991229090000.0 | ||
| 090 | 0 | 0 | |a LAOS 343.056 |b LAO |
| 110 | 1 | 0 | |a Lao People's Democratic Republic |a Independence Democracy Unity Proprerity(: |c Peace) |
| 245 | 1 | 0 | |a Customs law = |l Loi douaniere. |
| 300 | # | # | |a 39 p. |
| 650 | 0 | 0 | |a Customary Law -- |z Laos |
| 651 | 0 | 0 | |a Laos |
| 999 | |a 0000010698 |b Book |c Tariffs |e Business Information Centre | ||